Comment gérer les projets de programme ordinateur
Guardat en:
| Autor principal: | |
|---|---|
| Format: | Llibre |
| Idioma: | francès |
| Publicat: |
París
Entreprise Moderne
1969
|
| Matèries: | |
| Etiquetes: |
Afegir etiqueta
Sense etiquetes, Sigues el primer a etiquetar aquest registre!
|
MARC
| LEADER | 00000nam a2200000 a 4500 | ||
|---|---|---|---|
| 001 | UCQ1729 | ||
| 003 | CL-VaPUC | ||
| 008 | 980721e19690000FR |||||||||||||||||fre|d | ||
| 082 | 0 | 4 | |a 658.05 |b LEC |2 21 |
| 100 | 0 | |a Lecht, Charles-Philip |e author |9 415474 | |
| 245 | 1 | 0 | |a Comment gérer les projets de programme ordinateur |
| 300 | |a 191 p | ||
| 942 | |c BK | ||
| 945 | |d 19980721 00:00:00 |a cmena | ||
| 260 | |a París |b Entreprise Moderne |c 1969 | ||
| 650 | 0 | |a Aplicaciones de computadores |9 260401 | |
| 650 | 0 | |a Administración de empresas |9 260833 | |
| 650 | 7 | |a PLANIFICACION Y CONTROL |2 CL-VaPUC |9 415475 | |
| 650 | 0 | |a Gestión |9 260993 | |
| 650 | 0 | |a Bases de datos |9 260577 | |
| 650 | 0 | |a Software |9 387312 | |
| 583 | |a last modification |c 19980721 00:00:00 |k Rodrigo Vera | ||
| 999 | |c 272573 |d 272571 | ||
| 952 | |0 0 |1 0 |4 0 |6 658_050000000000000_LEC_1969 |7 0 |8 P |9 307683 |a BIBGIM |b BIBGIM |d 2019-11-20 |i 1437445 |o 658.05 LEC 1969 |p 1437445 |r 2025-01-15 |w 2019-11-20 |y BK |k COM | ||